| 000 | 00483nam a2200133Ia 4500 | ||
|---|---|---|---|
| 001 | 249 | ||
| 008 | 241024s9999 xx 000 0 und d | ||
| 082 | _aRD/374/R426m/2008/v.5 | ||
| 100 | _aRepública Dominicana.Secretaria de Estado de Educación.Dirección General de Educación Adultos | ||
| 245 | 0 | _aManual de Lectoescritura y Cálculo Básico, Alfabeticemos ahora Red Nacional de Alfabetización | |
| 260 |
_bAlfa & Omega _c2008 |
||
| 901 | _a27/10/2010 8:40:04 a.m. | ||
| 999 |
_c8441 _d8441 |
||